| 000 | 00963nam a2200217 4500 | ||
|---|---|---|---|
| 999 |
_c3809 _d3809 |
||
| 008 | 160811b xxu||||| |||| 00| 0 eng d | ||
| 022 | _a01153153 | ||
| 082 | _aDPer 150.5 P53 June-Dec 2013 V. 46 n. 1 & 2 | ||
| 100 |
_912675 _aClemente, Jose Antonio R. |
||
| 243 | _aPhilippine journal of psychology | ||
| 245 |
_aThe role of broadcast media in attitude change: _ba pilot study on a campus- based radio program and its LGBT advocacy/ _cJose Antonio R. Clemente, Cherrie Joy F. Billedo, and Clarissa C. David. |
||
| 260 |
_aQuezon City: _bPsychological Association of the Philippines, _c©2013. |
||
| 300 |
_av46 n2, pages 165-179; _c24 cm. |
||
| 500 | _aPhilippine Journal of Psychology | ||
| 650 | 0 |
_912676 _aMass media |
|
| 650 | 0 |
_912677 _aRadio broadcasting |
|
| 700 |
_912678 _aClemente, Jose Antonio R. _eAuthor |
||
| 700 |
_912679 _aBilledo, Cherrie Joy F. _eAuthor |
||
| 700 |
_912680 _aDavid Clarissa C. _eAuthor |
||
| 942 |
_2ddc _cPER |
||